| 000 | 00000nam 2200000za 4500 |
| 001 | 9.671289 |
| 003 | CaOODSP |
| 005 | 20241223100550 |
| 007 | ta |
| 008 | 150407|2000||||xxc||||| f|0| 0 eng d |
| 040 | |aCaOODSP|beng |
| 041 | |aeng |
| 041 | |afre |
| 043 | |an-cn--- |
| 086 | 1 |aCH4-1/4-2000 |
| 110 | 1 |aCanada. |bCanadian Heritage. |
| 245 | 14|aThe national flag of Canada : |ba profile |
| 260 | |aOttawa - Ontario : |bCanadian Heritage |cRevised 2000. |
| 300 | |aEnglish text, 15, [1]p. : |bfigs., photographs ; |c28 cm. |
| 500 | |aContents: The national flag: a symbol of Canadian identity -- The birth of the Canadian flag -- The first "Canadian flags" -- The elements of the national flag of Canada: the maple leaf; red and white: Canada's national colours -- You were asking... -- The declaration of the National Flag of Canada Day -- The proclamation of the National Flag of Canada. |
| 500 | |aThe ISBN (0-662-61555-7) and catalogue number (CH4-1/4-1995) of the 1995 edition have been incorrectly printed in the 2000 revision. |
| 563 | |aSoftcover |
| 590 | |a09-19|b2009-05-08 |
| 690 | 07|aFlags|2gcpds |
| 776 | 0#|tThe national flag of Canada : |w(CaOODSP)9.946401 |
| 792 | |tLe drapeau national au Canada : |efre|w(CaOODSP)9.671290 |